000 004740000a22001810004500
003 MACL
005 20150823151513.0
008 150823b xxu||||| |||| 00| 0 eng d
040 _aMACL
_cMACL
041 _aEnglish
082 _a658/KHA
100 _aKhan, M M
_97122
245 _aUnleashing The Manager Within
_bTimeless Tips for Terrific Results
260 _bExcel Books
_c2006
_aNew Delhi
350 _a175
650 _aManagement
_97123
942 _cBK
_k658/KHA
_2ddc
999 _c42078
_d42078